| 000 | 00479nam a2200181Ia 4500 | ||
|---|---|---|---|
| 008 | 230718s9999 xx 000 0 und d | ||
| 020 | _a9780198097389 | ||
| 041 | _aeng | ||
| 082 |
_a621.395 _bALL |
||
| 100 |
_aAllen P.E. _9128861 |
||
| 245 | _aCMOS Analog Circuit Design | ||
| 250 | _a3rd ed. | ||
| 260 |
_c2013 _bOxford |
||
| 300 |
_a590 _dRef 1707 E (54214) |
||
| 365 |
_cRs. _b650.00 |
||
| 700 | _aAllen P.E. & Holberg D.R. | ||
| 906 |
_dB:IN 167212-Oct-2013 _cETC _b1625 |
||
| 999 |
_c333735 _d333735 |
||